1945 1585 1646 1854 1495 1087 1248 1074 1679 1256 1528 1960 1728 1962 1000 1158 1744 1691 1970 1628 1614 1266 1001 1532 1339 1654 1805 1647 1672 1595 1536 1618 1497 1670 1854 1932 1013 1329 1538 1695 1649 1744 1963 1986 2000 1306 1334 1816 1233 1297 1783 1555 1426 1811 1745 1842 1855 1847 1977 1451 1412 1512 1682 1578 1813 1002 1104 1391 1442 1495 1707 1581 1923 1378 1259 1876 1586 1419 1715 1183 1871 1122 1744 1506 1714 1374 1337 1983 1382 1159 1189 1313 1423 1044 1728 1665 1413 1575 1300 BCNSPRNW ULIB Ver.6.0+V

เปลี่ยนเป็นภาษาไทย

Change to English
 แสดงรายละเอียดบรรณานุกรม
  กลับหน้าหลัก

Brief Record : Get Marc (ISO 2709) : E-mail record : QR code < ปิดหน้าต่าง
LEADER : 00000nam 2200000uu 4500
001    13399112492
003     ULIB
008    110627s2550||||th 000 0 tha d
020    9789747525571
090    นว.^bท124ต 2550
100 0  ทรงกลด บางยี่ขัน
245 00 ต้นไม้ใต้โลก/^cทรงกลด บางยี่ขัน
250    พิมพ์ครั้งที่ 1
260    กรุงเทพฯ :^ba book,^c2550
300    226 หน้า
710 1  a book
945    ^p185^l0^i022002
995    ทศพร
999 ^a ใช้งานได้ทุกระบบ
รายการนี้ยังไม่มีแท็ก
คุณยังไม่ได้ล็อกอิน คุณสามารถมีกิจกรรมร่วมกับเว็บไซต์ได้ แต่ต้องล็อกอินก่อน ::
  ล็อกอิน

รายการสื่อสารสนเทศ

ลำดับที่ ประเภท เลขเรียก/บาร์โค้ด สถานที่ สถานะ
- ไม่พบข้อมูล -

รายการใกล้เคียง
    ผู้แต่ง [ทรงกลด บางยี่ขัน]

BibComment


ยังไม่เคยถูกคอมเมนท์

คอมเมนท์ทรัพยากรรายการนี้
  คอมเมนท์: ต้นไม้ใต้โลก ทรงก..


 Copyright 2026. Bcnsprnw @Library